Bunkrovacie plavidlo o nosnosti 300 t pre zásobovanie, zber OL a protipožiarne účely

Gespeichert in:
Bibliographische Detailangaben
1. Verfasser: Kubík, Eduard, 1978- (Verfasst von)
Weitere Verfasser: Borský, Jaroslav, 1941- (Betreuung Doktorarbeit)
Format: Manuskript Buch
Sprache:Slowakisch
Veröffentlicht: Bratislava : STU v Bratislave SjF, 2012
Schlagworte:
Online-Zugang:VAIS
Tags: Tag hinzufügen
Keine Tags, Fügen Sie das erste Tag hinzu!

MARC

LEADER 00000ntm a22000003a 4500
001 stu263658
005 20150617230223.9
008 130312s2012----xo------------------slo-d
040 |a STU  |b slo 
041 0 |a slo 
044 |a xo 
100 1 |a Kubík, Eduard,  |d 1978-  |4 aut  |u J0030  |U SjF Strojnícka fakulta  |T SjF Ústav dopravnej techniky a konštruovania  |X 13811  |U J0030  |Y 806  |7 A000013811 
242 0 0 |a Vessel with carrying capacity 300 t for supply, collec-tion of OL and fire fighting purpose  |y eng 
245 1 |a Bunkrovacie plavidlo o nosnosti 300 t pre zásobovanie, zber OL a protipožiarne účely 
260 |a Bratislava :  |b STU v Bratislave SjF,  |c 2012 
650 7 |a automobily, lode a spaľovacie motory  |2 stusub 
650 7 |a Automobiles, Ships and Combustion Engines  |2 estusub 
650 7 |a Supply vessels  |2 estusub 
650 7 |a supply  |2 estusub 
650 7 |a tank  |2 estusub 
650 7 |a Bunkrovacie plavidlo  |2 stusub 
700 1 |a Borský, Jaroslav,  |d 1941-  |4 ths  |u J0030  |U SjF Strojnícka fakulta  |T SjF Ústav dopravnej techniky a konštruovania  |X 2475  |U J0030  |Y 806  |7 A000002475 
856 4 |a info a plný text  |u http://is.stuba.sk/zp/portal_zp.pl?podrobnosti=86338  |3 VAIS